000 00620nam a2200205Ia 4500
003 OSt
005 20251212151022.0
008 220917b |||||||| |||| 00| 0 eng d
037 _cTB
040 _aARTS
_cARTS
_beng
041 _2eng
_aeng
084 _aQ4:33w L8(TB)
_qAL
100 _aSaunders, Kenneth J
_925626
245 0 _aGotama Buddha :
_b a biography bases the canonical books of the Theravadi
260 _aNew Delhi, India:
_bLight And Life,
_c1978.
300 _a111p.
_ccm.
650 _aRELIGION
_9856368
942 _hQ4:33w L8
_cTB
_2CC
_n0
999 _c195456
_d195456